| 000 | 00000nam##2200000za#4500 |
| 001 | 9.661422 |
| 003 | CaOODSP |
| 005 | 20210615120108 |
| 007 | ta |
| 008 | 150407|1999||||xxc||||| f|0| 0 fre|d |
| 020 | |a0-660-61138-4 |
| 040 | |aCaOODSP|bfre |
| 041 | |aeng |
| 041 | |afre |
| 043 | |an-cn--- |
| 086 | 1 |aW93-19/1999 |
| 110 | 1 |aCanada. |bCommission de la Capitale nationale. |
| 245 | 10|aLes Canadiens sur la colline : |bune tradition bien vivante |
| 260 | |aOttawa - Ontario : |bCommission de la capitale nationale |c1999. |
| 300 | |a79p. ; |c20 cm. |
| 500 | |a«Le présent document souligne la longue histoire d'amour des Canadiens avec la colline du Parlement. Depuis le tout début, la population et ses invités de l'étranger viennent sur la colline du Parlement jouir de la beauté des lieux et sentir battre le coeur de la nation.»--Introduction. |
| 520 | 3 |aCette publication illustrée relate les événements publics qui ont pris place sur la colline parlementaire et qui ont marqué l'histoire du Canada. De nombreuses photographies prises à diverses époques montrent l'évolution des édifices et de leur emplacement. La visite sur la colline fait maintenant partie de la tradition canadienne, et cette publication décrit comment les Canadiens ont contribué de façon importante au patrimoine que représente la colline parlementaire. |
| 546 | |aBilingue |
| 563 | |aCouverture souple |
| 590 | |a01-09|b2001-03-02 |
| 691 | 07|aLieu historique|2gcpds |
| 776 | 0#|tCanadians on the hill |w(CaOODSP)9.676751 |
| 791 | |tCanadians on the hill : |eeng|w(CaOODSP)9.661421 |